000
00317nam a2200121Ia 4500
008
190216s9999||||xx |||||||||||||| ||und||
100
_a
Null
245
0
_a
Question Bank Book Series
260
_b
Research Cell Association Of Indian Univ
_c
1986
300
_a
420p
650
_a
Question Bank Book Series
942
_c
REF
999
_c
35960
_d
35960